000 00569cam a22002053a 4500
001 42643
003 PGUSA
005 20140828083951.0
008 130504s2013||||xxu|||||s|||||000 | eng d
040 _aPGUSA
_beng
042 _adc
100 1 _aCapuana, Luigi,
_d1839-1915
245 1 0 _aIl nemico รจ in noi
_h[electronic resource] /
_cLuigi Capuana
260 _bProject Gutenberg,
_c2013
506 _aPublic domain in the USA.
516 _aElectronic text
830 0 _aProject Gutenberg
_v42643
856 4 0 _uhttp://www.gutenberg.org/ebooks/42643
942 _cEB
999 _c271895
_d271895